|
|
|
|
| LEADER |
01205nam a22003011 4500 |
| 001 |
39950 |
| 003 |
BD-DhAAL |
| 008 |
221106r20181965nyua b 001 0 eng d |
| 999 |
|
|
|c 44449
|d 44449
|
| 010 |
|
|
|a 66010910
|
| 040 |
|
|
|a DLC/ICU
|c ICU
|d DLC
|d BD-DhAAL
|
| 050 |
0 |
0 |
|a QA612
|b .S65
|
| 082 |
0 |
0 |
|a 517.34
|
| 100 |
1 |
|
|a Spivak, Michael.
|9 52206
|
| 245 |
1 |
0 |
|a Calculus on manifolds :
|b a modern approach to classical theorems of advanced calculus /
|c Michael Spivak.
|
| 260 |
|
|
|a New York :
|b CRC Press,
|c 1965 [reprinted 2018].
|
| 300 |
|
|
|a xii, 144 pages :
|b illustrations ;
|c 22 cm.
|
| 490 |
|
|
|a Mathematics monograph series
|
| 504 |
|
|
|a Includes bibliographical references (pages 139-140) and index.
|
| 526 |
|
|
|a MNS
|
| 541 |
|
|
|a Book Finder International
|e 39950
|
| 650 |
|
0 |
|a Differential topology.
|9 52207
|
| 650 |
|
0 |
|a Calculus.
|9 52208
|
| 650 |
|
0 |
|a Mathematics.
|9 52209
|
| 830 |
|
|
|a Mathematics monograph series
|9 52210
|
| 852 |
|
|
|a Ayesha Abed Library
|c General Stacks
|
| 942 |
|
|
|2 ddc
|c BK
|
| 952 |
|
|
|0 0
|1 0
|2 ddc
|4 0
|6 517_340000000000000_SPI
|7 0
|9 72168
|a BRACUL
|b BRACUL
|c GEN
|d 2022-10-27
|e Book Finder International
|g 1505.54
|l 5
|m 42
|o 517.34 SPI
|p 3010039950
|r 2026-02-18
|s 2025-09-17
|t 1
|v 1505.54
|w 2022-10-27
|y BK
|